000 00656nam a22001937a 4500
999 _c167742
_d167742
005 20190918123706.0
010 _aUR-10473
020 _c133.00
_a-
035 _aU-9028
037 _bDBAD/PUB
_a9789353009793
082 _a840.08
100 _aمر تبہ:محمد ا سد اللہ
245 _aا نشا ءيہ شنا سی
_cمر تبہ:محمد ا سد اللہ
246 _bInshaiya Shanasi Urdu)
_aMuhammd Asadullah
260 _aNagpur
_bMuhmmad Asad Ullah
_c2019ء
270 _a30,Gulistan Colony,JafirNagar,
_bNagpur
_e440013
_k919579591149
_l-
300 _a240ص
_c22 Cm(Hb)
942 _2ddc
_cUR
_h840.08
_mم ح م